| 000 | 00908cam a2200253 a 4500 | ||
|---|---|---|---|
| 001 | 000006951 | ||
| 005 | 20200929154029.0 | ||
| 008 | 890715s1983 cl b 000 0bspa | ||
| 040 |
_aDO-SdBNP _cDLC _dBNPHU |
||
| 082 |
_a923.2 _bR412d |
||
| 100 | 1 |
_aRengifo V., Osvaldo. _d1905- _919301 |
|
| 245 | 1 | 0 |
_aDon Manuel Rengifo : _bsu vida y su obra / _cOsvaldo Rengifo V. |
| 260 |
_aSantiago de Chile : _bAndrés Bello, _c1983. |
||
| 300 |
_a170 p. ; _c23 cm. |
||
| 500 | _aEdición limitada de 500 copias. | ||
| 504 | _aBibliografías: p. 169-170. | ||
| 600 | 1 | 0 |
_aRENGIFO, MANUEL, _d1793-1846 _vBIOGRAFÍA _919302 |
| 610 | 1 | 0 |
_aCHILE _bMINISTERIO DE HACIENDA _xBIOGRAFÍA _919303 |
| 650 | 4 |
_aMinistros de gobierno _919304 |
|
| 650 | 4 |
_aLegisladores _919305 |
|
| 651 | 4 |
_aChile _xCondiciones Económicas _919306 |
|
| 651 | 4 |
_aChile _xPolítica Y Gobierno _y1824-1920. _919307 |
|
| 910 | _aCatalogación por copia / LC | ||
| 999 |
_c6735 _d6735 |
||